Návrh systému vizualizácie 3D objektov pre potreby Slovenského národného múzea
Salvato in:
| Autore principale: | |
|---|---|
| Altri autori: | |
| Natura: | Manoscritto Libro |
| Lingua: | slovacco inglese |
| Pubblicazione: |
2015
|
| Soggetti: | |
| Accesso online: | http://is.stuba.sk/zp/portal_zp.pl?podrobnosti=118479 |
| Tags: |
Nessun Tag, puoi essere il primo ad aggiungerne!!
|
MARC
| LEADER | 00000ntm a22000003a 4500 | ||
|---|---|---|---|
| 001 | stuzp51123 | ||
| 003 | SK-STU | ||
| 005 | 20160719153747.6 | ||
| 007 | ta | ||
| 008 | 150427s2015----xo-----f-mn---000-0-slo-d | ||
| 040 | |a STU |b slo | ||
| 041 | 0 | |a eng | |
| 100 | 1 | |a Pinayeva, Anastasia, |d 1991- |u 066000 |4 aut |U MTF Materiálovotechnologická fakulta |T MTF Ústav aplikovanej informatiky, automatizácie a mechatroniky |X 60365 |U M6000 |Y 86 |7 A000060365 | |
| 242 | 0 | 1 | |a Návrh systému vizualizácie 3D objektov pre potreby Slovenského národného múzea |y slo |
| 245 | 1 | 0 | |a Návrh systému vizualizácie 3D objektov pre potreby Slovenského národného múzea |
| 260 | |c 2015 | ||
| 650 | 4 | |a Vizualizácia |2 slo | |
| 650 | 4 | |a Informačný systém |2 slo | |
| 650 | 4 | |a WebGL |2 slo | |
| 650 | 4 | |a Trojrozmerná grafika |2 slo | |
| 650 | 4 | |a 3D computer graphics |2 eng | |
| 650 | 4 | |a WebGL |2 eng | |
| 650 | 4 | |a Visualization |2 eng | |
| 650 | 4 | |a Information system |2 eng | |
| 700 | 1 | |a Tanuška, Pavol, |d 1966- |4 ths |X 248 |7 A000000248 | |
| 856 | 4 | |u http://is.stuba.sk/zp/portal_zp.pl?podrobnosti=118479 | |
| 996 | |c M* DP-12448 |l MMSKP |s P |a 0 |w stuzp51123_0001 | ||
| SQL | |a stuzp51123 |b DDP |c ENG |d Návrh systému vizualizácie 3D objektov pre potreby Slovenského národného múzea |e 60365 |f Pinayeva, Anastasia |g 066000 |h 248 |i Tanuška, Pavol |j 20150602 |k 965 |l 06 |m http://is.stuba.sk/zp/portal_zp.pl?podrobnosti=118479 |n I-AIPP |o 5.2.14. automatizácia | ||